Responses for show #6072 - Tuesday, January 25, 2011

Contestants

Gitta Neufeld, a Judaic teacher trainer from Far Rockaway, New York

Abie Hadjitarkhani, a psychotherapist from San Francisco, California

Amanda Sonmor, a virtual assistant originally from Denver, Colorado (whose 2-day cash winnings total $21,501)

Jeopardy! Round responses

MEN OF MUSIC
BIOPIC-NIC
NICE TO MEAT YOU
MIDDLE "C"
(Alex: Each correct response will have a "C" in its exact center.)
WAR
GAMES
    $200 22
Vienna

Abie
    $200 16
Patton

Gitta
    $200 1
turkeys

Abie
    $200 6
mascara

Amanda
    $200 17
the Civil War

Amanda
    $200 10
Marco Polo

Abie
    $400 23
the polka

Gitta
    $400 24
Silkwood

Abie
    $400 2
chicken

Amanda
    $400 7
valedictorian

Abie
    $400 18
World War I

Amanda
    $400 11
Capture the Flag

Abie
    $600 28
(George Bernard) Shaw

Abie
    $600 25
Jimmy Hoffa

Triple Stumper
    $600 3
pork

Amanda
    $600 8
(Abie: What are tractors?)
(Amanda: What is a [*]?)
(Alex: [*], yes. By adding an "S", Abie, the "C" was no longer in exactly the middle position.)

a tractor

AmandaAbie
    $600 19
the Six-Days War

Amanda
    $600 12
checkers

Amanda
    $800 29
Salomé

Abie
    $800 26
Muhammad Ali

Triple Stumper
    $800 4
rabbit

Amanda
    $800 9
olfactory

Gitta
    $1,800 20
(Amanda: What is the Hanoi Road?)

the Ho Chi Minh Trail

Amanda
    $800 13
croquet

Amanda
    $1000 30
(Gitta: Who is William Tell?)

Siegfried

Gitta
Triple Stumper
    $1000 27
Kinsey

Gitta
    $1000 5
buffalo

Amanda
    $1000 15
Tuscany

Abie
    $1000 21
(Gitta: What is the Revolutionary War?)
(Amanda: What is the Boer War?)

the War of 1812

AmandaGitta
Triple Stumper
    $1000 14
Rock, Paper, Scissors

Amanda

Scores at the first commercial break (after clue 15):

Amanda Abie Gitta
$6,000 $1,600 $800

Scores at the end of the Jeopardy! Round:

Amanda Abie Gitta
$4,400 $3,600 $400

Double Jeopardy! Round responses

SYDNEY
TV THEME LYRICS
DEATH BY...
PARTS OF THE WHOLE
TITLE WAVE
ANIMAL TERMS
    $400 20
2000

Amanda
    $400 6
The Muppet Show

Abie
    $400 7
Saddam Hussein

Abie
    $400 1
refrigerator

Abie
    $400 23
Thin

Gitta
    $400 15
dog-ear

Amanda
    $800 21
the Aborigines

Gitta
    $800 10
Friends

Amanda
    $2,000 8
(Abie: Who is Chuck Yeager?)

Yuri Gagarin

Abie
    $800 2
golf club

Abie
    $800 24
Tipping

Abie
    $800 16
skunked

Amanda
    $1200 28
Endeavour

Gitta
    $1200 11
Greatest American Hero

Abie
    $1200 9
Marilyn Monroe

Gitta
    $1200 3
a coffee maker

Amanda
    $1200 25
Friday

Gitta
    $1200 17
hog

Amanda
    $1600 29
(Paul) Hogan

Amanda
    $1600 12
True Blood

Abie
    $1600 14
(Alex: His choice.)

Gary Gilmore

Triple Stumper
    $1,600 4
(Amanda: What are binoculars?)

a telescope

Amanda
    $1600 26
Sea Monsters

Triple Stumper
    $1600 18
lounge lizards

Abie
    $2000 30
(Amanda: What are waves?)
(Abie: What are shells?)

sails

AmandaAbie
Triple Stumper
    $2000 13
Rawhide

Amanda
    $2000 22
Aeschylus

Triple Stumper
    $2000 5
a fire truck

Gitta
    $2000 27
Elephants

Gitta
    $2000 19
mall rats

Amanda

Scores at the end of the Double Jeopardy! Round:

Amanda Abie Gitta
$11,200 $6,800 $9,200

[wagering suggestions for these scores]

Final Jeopardy! Round responses

THE OLD TESTAMENT
AbieWhat is Satan
$2,400
GittaWhat is Satan?
$9,100
AmandaWhat is Lucifer?
$7,201
Satan

Final scores:

Amanda Abie Gitta
$3,999 $9,200 $18,300
3rd place: $1,000 2nd place: $2,000 New champion: $18,300

Game dynamics:

Coryat scores:

Amanda Abie Gitta
$14,600 $8,800 $9,200
21 R,
4 W
(including 2 DDs)
17 R,
3 W
(including 1 DD)
11 R,
2 W

Combined Coryat: $32,600

The J! Archive is created by fans, for fans. The Jeopardy! game show and all elements thereof, including but not limited to copyright and trademark thereto, are the property of Jeopardy Productions, Inc. and are protected under law. This website is not affiliated with, sponsored by, or operated by Jeopardy Productions, Inc. Join the discussion at JBoard.tv.